The well-tempered self : (Record no. 3311)

000 -LEADER
fixed length control field 01350pam a2200361 a 4500
001 - CONTROL NUMBER
control field 4887368
003 - CONTROL NUMBER IDENTIFIER
control field OSt
005 - DATE AND TIME OF LATEST TRANSACTION
control field 20161003085356.0
008 - FIXED-LENGTH DATA ELEMENTS--GENERAL INFORMATION
fixed length control field 930323s1993 mdu b 001 0 eng
010 ## - LIBRARY OF CONGRESS CONTROL NUMBER
LC control number 93013102
020 ## - INTERNATIONAL STANDARD BOOK NUMBER
International Standard Book Number 9780801846045 (alk. paper)
020 ## - INTERNATIONAL STANDARD BOOK NUMBER
International Standard Book Number 0801846048 (pbk. : alk. paper)
040 ## - CATALOGING SOURCE
Original cataloging agency DLC
Transcribing agency DLC
Modifying agency DLC
050 00 - LIBRARY OF CONGRESS CALL NUMBER
Classification number JA75.7.M55 1993
082 00 - DEWEY DECIMAL CLASSIFICATION NUMBER
Classification number 306.2
Edition number 20
100 1# - MAIN ENTRY--PERSONAL NAME
Personal name Miller, Toby.
245 14 - TITLE STATEMENT
Title The well-tempered self :
Remainder of title citizenship, culture, and the postmodern subject /
Statement of responsibility, etc Toby Miller.
260 ## - PUBLICATION, DISTRIBUTION, ETC. (IMPRINT)
Place of publication, distribution, etc Baltimore, Md. :
Name of publisher, distributor, etc Johns Hopkins University Press,
Date of publication, distribution, etc c1993.
300 ## - PHYSICAL DESCRIPTION
Extent xxviii, 290 p. ;
Dimensions 24 cm.
490 1# - SERIES STATEMENT
Series statement Parallax
504 ## - BIBLIOGRAPHY, ETC. NOTE
Bibliography, etc Includes bibliographical references (p. 263-279) and index.
600 10 - SUBJECT ADDED ENTRY--PERSONAL NAME
Personal name Foucault, Michel,
Dates associated with a name 1926-1984.
600 10 - SUBJECT ADDED ENTRY--PERSONAL NAME
Personal name Habermas, Jürgen.
650 #0 - SUBJECT ADDED ENTRY--TOPICAL TERM
Topical term or geographic name as entry element Politics and culture.
650 #0 - SUBJECT ADDED ENTRY--TOPICAL TERM
Topical term or geographic name as entry element Political ethics.
650 #0 - SUBJECT ADDED ENTRY--TOPICAL TERM
Topical term or geographic name as entry element Political socialization.
650 #0 - SUBJECT ADDED ENTRY--TOPICAL TERM
Topical term or geographic name as entry element Criticism, Textual.
830 #0 - SERIES ADDED ENTRY--UNIFORM TITLE
Uniform title Parallax (Baltimore, Md.)
856 42 - ELECTRONIC LOCATION AND ACCESS
Materials specified Publisher description
Uniform Resource Identifier <a href="http://www.loc.gov/catdir/description/jhu051/93013102.html">http://www.loc.gov/catdir/description/jhu051/93013102.html</a>
906 ## - LOCAL DATA ELEMENT F, LDF (RLIN)
a 7
b cbc
c orignew
d 1
e ocip
f 19
g y-gencatlg
942 ## - ADDED ENTRY ELEMENTS (KOHA)
Source of classification or shelving scheme
Koha item type Book
Holdings
Withdrawn status Lost status Source of classification or shelving scheme Damaged status Not for loan Home library Current library Shelving location Date acquired Total Checkouts Total Renewals Full call number Barcode Date last seen Date checked out Copy number Price effective from Koha item type
          Riara University Library Riara University Library General stack 03/10/2016 4 1 JA75.7.M55 1993 7723/16 12/05/2025 25/04/2025 C.1 03/10/2016 Book

Riara University Library,
P.O. Box 49940-00100,
Nairobi, Kenya.